000 00308nam a22001337a 4500
008 170807b xxu||||| |||| 00| 0 eng d
020 _a9780130949868
041 _aeng
080 _a004
100 _a33
101 _aSHK
245 _aAN INTRODUCTION TO WIRELESS TECHNOLOGY
_cROGERS,G.S
942 _2udc
_cBK
999 _c22776
_d22776